| 000 | 00724cam a22001691a 4500 | ||
|---|---|---|---|
| 040 | _cNSySU-F | ||
| 082 | _a632 U.S 1963 A040 Or. | ||
| 245 | 0 | 0 | _aInternationally dangerous forest tree diseases / |
| 260 |
_aWashington, D.C. : _bU.S. Dept. of Agriculture, Forest Service, _c1963. |
||
| 300 |
_avi, 122 p. ; _c24 cm. |
||
| 490 | 1 | _aMiscellaneous publication / United States Department of Agriculture ; | |
| 500 | _aSupplement to Section 24-14, Proceedings of the 13th Congress, International Union of Forestry Research Organizations, Vienna 1961. | ||
| 650 | 0 | _aTrees | |
| 710 | 2 | _aInternational Union of Forestry Research Organizations. | |
| 710 | 2 | _aInternational Union of Forestry Research Organizations. | |
| 942 | _cEK | ||
| 999 |
_c12111 _d12111 |
||